000 00360nam a2200157Ia 4500
001 R-1669
003 CODICE-MESSINA
005 20260212102511.0
008 260211s9999 xx 000 0 und d
040 _cimportazione_messina
100 _aThomas B.Costan
245 0 _aIl Calice d'argento
245 0 _bRomanzo
260 _bRizzoli
942 _2ddc
_cBK
999 _c28176
_d28176